Han'gugŏ suŏp ŭl wihan munpŏp hwaltongjip = Korean language classes grammar activity book /

Detalles Bibliográficos
Outros autores: Ku, Pon-gwan
Formato: Libro
Idioma:Multiple
Korean
Publicado: Seoul : Korean Lanugage Plus, 2009.
Subjects:
Classic Catalogue: View this record in Classic Catalogue
LEADER 01260nam a2200277 a 4500
001 00025821
003 BD-DhAAL
008 120826s2009 ko ab 000 0 mul d
020 |a 9788955188202 
040 |a BD-DhAAL  |c BD-DhAAL 
041 |a kor 
082 0 4 |a 495.782  |2 22 
245 1 0 |a Han'gugŏ suŏp ŭl wihan munpŏp hwaltongjip =  |b Korean language classes grammar activity book /  |c Pon-gwan Ku ... [et al.]. 
246 2 i |i At head of title:  |a Korean 
260 |a Seoul :  |b Korean Lanugage Plus,  |c 2009. 
300 |a 2 volumes in one :  |b illustrations ;  |c 30 cm. 
505 |a v. 1. Ch'ogŭpkyosa + hwaltongji v. 2. ch'ogŭp hwaltongji. 
541 |a 00025821 
650 0 |a Korean language  |x Study and teaching  |9 59417 
650 0 |a Korean language  |x Grammar  |x Study and teaching.  |9 59414 
700 1 |a Ku, Pon-gwan.  |9 59454 
852 1 |a Ayesha Abed Library  |j General shelf 
880 |6 245 -01 /  |a 한국어 수업 을 위한 문법 활동집 =  |b Korean language classes grammar activity book. 
942 |2 ddc  |c BK 
999 |c 12774  |d 12774 
952 |0 0  |1 0  |2 ddc  |4 0  |6 495_782000000000000_HAN  |7 0  |9 21035  |a BRACUL  |b BRACUL  |c GEN  |d 2012-08-28  |e BIL  |g 1861.38  |l 0  |o 495.782 HAN  |p 3010025821  |r 2012-08-28  |t 1  |w 2012-08-28  |y BK  |x Transferred from King Sejong Institute (BIL) to BRACUL on 11/10/23